000 nam a22 7a 4500
999 _c128015
_d128015
008 180703b xxu||||| |||| 00| 0 eng d
050 _aPH060.COP
100 _aCopleston, Frederick
_916322
245 _aA History of Philosophy volume 2:
_bMediaeval philosophy;
_cFrederick Copleston, s.j.
260 _aNew York:
_bA Division of Doubleday and company;
_c1962.
300 _a352p.;
_c18cm.
942 _2lcc
_cMONOGRAPH